Geografie mit Hinweisen - Statistiken

Allgemein
  • Dieses Quiz wurde 88 mal gespielt
  • Das Durchschnittsergebnis liegt bei 6 aus 15
Antwortstatistiken
Hint Antwort % Korrekt
mögliche Koalition im deutschen Bundestag oder Inselstaat Jamaika
92%
In einer Stadt in Colorado trieb ein Clan der Schönen und Reichen in den 80er Jahren sein Unwesen sehr zur Freude der Fernsehzuschauer Denver
68%
Zwischen Mafia, Vulkan und Müllproblem, tolle Stadt mit eigenem Golf Neapel
66%
Wenn man den Grafen von Monte Christo auf seiner Gefängnisinsel, dem Chateau d'Ifbesuchen möchte, fährt man am besten von dieser Hafenstadt im Süden Frankreichs los Marseille
63%
"Schau mir in die Augen, Kleines", wo war das doch gleich? Casablanca
60%
scherzhaftes Gedicht, eventuell in dieser irischen Stadt gleichen Namens entstanden Limerick
60%
Stadt, die als die Wiege des Jazz bezeichnet wird und immer von verheerenden Naturkatastrophen heimgesucht wird New Orleans
56%
Ein Golf, Randmeer des Atlantik teilt das Schicksal des oben genannten Berges Golf von Mexiko
40%
Berg, der immer seinen Namen ändern muss, von den Ureinwohnern benannt, von den Russen umbenannt, von den Goldgräbern neu benannt, wieder zurück zum alten Namen und jetzt dank eines einzelnen Herren vielleicht wieder umbenannt Denali
30%
in diesem kleinen Gebirge südlich des Harzes in Thüringen findet man Kaiser Barbarossa in einer Höhle und sein roter Bart wächst durch den Tisch Kyffhäuser
30%
In welcher Stadt im Süden Spaniens befindet sich die Moschee-Kathedrale, wo Islam und Christentum unter einem Dach Platz finden. Gehört zum Weltkulturerbe Cordoba
25%
diese kanadische Provinz gab zwei Hunderassen ihren Namen Neufundland und Labrador
15%
Kleiner Ort im Süden Feuerlands "am Ende der Welt" von dem aus manzur Antarktis-Kreuzfahrt starten kann Ushuaia
14%
Besucht man diese Stadt in China kann man ganzjährig fantastische Eisskulpturen bewundern, Harbin
11%
Stadt in selbem Land, in der man die großen Pandas findet Chengdu
10%
Keine übereinstimmenden Quizze gefunden
Verteilung der Resultate
Anzahl Personen mit jedem Resultat
Perzentil nach korrekt beantworteten Fragen
Ihre Resultats-Entwicklung
Sie haben dieses Quiz noch nicht gespielt